00441nam a2200145Ia 4500003000400000008004100004040001600045082001900061100003900080245006700119260007500186300000800261490000500269650002100274GCL140319s9999 xx 000 0 ara d aGCL / cGCL04a301.01bع ع1 aعلى عبدالواحد وافى10aعلم الاجتماع / cعلى عبدالواحد وافى a[S.N] : bنهضة مصر للطباعة والنشر والتوزيع a138 a04aالاجتماع